| 000 | 00738nam a2200229Ii 4500 | ||
|---|---|---|---|
| 003 | JO-AjNU | ||
| 008 | 230605s9999||||xx |||||||||||||| ||und|| | ||
| 017 | _a2008/7/2477 | ||
| 020 | _a9957-16-455-3 | ||
| 040 |
_aJO-AjNU _bara _erda _cJO-AjNU |
||
| 041 | _aara | ||
| 050 | 1 | 4 | _aKMM169.S48.2009 |
| 100 | 3 |
_a شوشاري ، صلاح الدين , _eauthor _925352 |
|
| 245 | 0 | 0 | _aالتنفيذ الجبري في المواد المدنية والتجارية والشرعية |
| 250 | _aط1 | ||
| 264 | 3 | 1 | _aعمان : دار الثقافة ، 2009 |
| 300 | _a320ص | ||
| 336 |
_atext _btxt _2rdacontent |
||
| 337 |
_aunmediated _bn _2rdamedia |
||
| 338 |
_avolume _bnc _2rdacarrier |
||
| 650 | 4 |
_aتنفيذ القانون _925353 |
|
| 999 |
_aA9471 _c13039 _d13039 |
||